| 000 | 00519nam a2200193Ia 4500 | ||
|---|---|---|---|
| 999 |
_c4004 _d4004 |
||
| 020 | _a0-19-567306-9 | ||
| 082 | _a364.1060954 TRE-C | ||
| 100 | _aTrehan, Jyoti | ||
| 245 | 0 | _aCrime and money laundering: the Indian perspective | |
| 260 |
_aNew Delhi _bOxford University Press _c2004 |
||
| 300 | _axiii, 253 | ||
| 650 |
_aCrime _zIndia |
||
| 650 |
_aCriminology _zIndia |
||
| 650 |
_aMoney laundering _zIndia |
||
| 650 | _aLaundering of money | ||
| 650 | _aWashing of money | ||
| 650 | _aMoney washing | ||
| 942 | _cBK | ||